Q : (Record no. 17006)
[ view plain ]
| 000 -LEADER | |
|---|---|
| fixed length control field | 01379cam a22003855a 4500 |
| 001 - CONTROL NUMBER | |
| control field | 16794642 |
| 003 - CONTROL NUMBER IDENTIFIER | |
| control field | EG-ScBUE |
| 005 - DATE AND TIME OF LATEST TRANSACTION | |
| control field | 20220620142327.0 |
| 006 - FIXED-LENGTH DATA ELEMENTS--ADDITIONAL MATERIAL CHARACTERISTICS--GENERAL INFORMATION | |
| fixed length control field | m||||fq||h 00| 0 |
| 008 - FIXED-LENGTH DATA ELEMENTS--GENERAL INFORMATION | |
| fixed length control field | 110524t2011 nyua f 000 0 eng d |
| 020 ## - INTERNATIONAL STANDARD BOOK NUMBER | |
| International Standard Book Number | 9780194756235 |
| 020 ## - INTERNATIONAL STANDARD BOOK NUMBER | |
| International Standard Book Number | 9780194756396 |
| 040 ## - CATALOGING SOURCE | |
| Original cataloging agency | EG-ScBUE |
| Language of cataloging | eng |
| Description conventions | rda |
| Transcribing agency | EG-ScBUE |
| Modifying agency | EG-ScBUE |
| 082 04 - DEWEY DECIMAL CLASSIFICATION NUMBER | |
| Classification number | 428.24 |
| Item number | MCV |
| Edition number | 22 |
| 100 1# - MAIN ENTRY--PERSONAL NAME | |
| Personal name | McVeigh, Joe |
| Titles and other words associated with a name | (Education consultant) |
| Relator term | author. |
| 245 10 - TITLE STATEMENT | |
| Title | Q : |
| Remainder of title | skills for success. |
| Number of part/section of a work | 2, |
| Name of part/section of a work | Reading and writing / |
| Statement of responsibility, etc | Joe McVeigh, Jennifer Bixby. |
| 246 30 - VARYING FORM OF TITLE | |
| Title proper/short title | Reading and writing |
| 264 #1 - PUBLICATION, DISTRIBUTION, ETC. (IMPRINT) | |
| Place of publication, distribution, etc | New York ; |
| -- | Oxford : |
| Name of publisher, distributor, etc | Oxford University Press, |
| Date of publication, distribution, etc | [2011] |
| 264 #4 - PUBLICATION, DISTRIBUTION, ETC. (IMPRINT) | |
| Date of publication, distribution, etc | c2011 |
| 300 ## - PHYSICAL DESCRIPTION | |
| Extent | xix, 205 pages : |
| Other physical details | illustrations (some color) ; |
| Dimensions | 28 cm + |
| Accompanying material | 2 CD |
| 336 ## - CONTENT TYPE | |
| Source | rdacontent |
| Content type term | text |
| Content type code | txt |
| 336 ## - CONTENT TYPE | |
| Source | rdacontent |
| Content type term | sounds |
| Content type code | snd |
| 337 ## - MEDIA TYPE | |
| Source | rdamedia |
| Media type term | unmediated |
| Media type code | n |
| 337 ## - MEDIA TYPE | |
| Source | rdamedia |
| Media type term | audio |
| Media type code | s |
| 338 ## - CARRIER TYPE | |
| Source | rdacarrier |
| Carrier type term | volume |
| Carrier type code | nc |
| 338 ## - CARRIER TYPE | |
| Source | rdacarrier |
| Carrier type term | computer disc |
| Carrier type code | cd |
| 650 #7 - SUBJECT ADDED ENTRY--TOPICAL TERM | |
| Topical term or geographic name as entry element | English language |
| Form subdivision | Textbooks for foreign speakers. |
| Source of heading or term | BUEsh |
| 9 (RLIN) | 30938 |
| 650 #7 - SUBJECT ADDED ENTRY--TOPICAL TERM | |
| Topical term or geographic name as entry element | English language |
| General subdivision | Rhetoric. |
| Source of heading or term | BUEsh |
| 9 (RLIN) | 30939 |
| 651 ## - SUBJECT ADDED ENTRY--GEOGRAPHIC NAME | |
| Source of heading or term | BUEsh |
| 653 ## - INDEX TERM--UNCONTROLLED | |
| Resource For college | Humanities: English |
| Arrived date list | August2015 |
| -- | July2019 |
| 655 ## - INDEX TERM--GENRE/FORM | |
| Form subdivision | Reading book |
| 9 (RLIN) | 34232 |
| 700 1# - ADDED ENTRY--PERSONAL NAME | |
| Personal name | Bixby, Jennifer, |
| Relator term | author. |
| 9 (RLIN) | 30908 |
| 856 ## - ELECTRONIC LOCATION AND ACCESS | |
| Materials specified | Q Online practice access code card |
| Uniform Resource Identifier | <a href="https://q.ouponlinepractice.com/auth/index">https://q.ouponlinepractice.com/auth/index</a> |
| 942 ## - ADDED ENTRY ELEMENTS (KOHA) | |
| Source of classification or shelving scheme | Dewey Decimal Classification |
| Koha item type | Book - Borrowing |
| Withdrawn status | Lost status | Source of classification or shelving scheme | Damaged status | Not for loan | Collection code | Home library | Current library | Shelving location | Date acquired | Source of acquisition | Total Checkouts | Total Renewals | Full call number | Barcode | Date last seen | Date checked out | Price effective from | Koha item type | Public note | Cost, normal purchase price | Serial Enumeration / chronology | Checked out |
|---|---|---|---|---|---|---|---|---|---|---|---|---|---|---|---|---|---|---|---|---|---|---|
| Dewey Decimal Classification | Baccah | Central Library | Central Library | Second Floor | 17/09/2012 | 3 | 1 | 428.24 MCV | 000027130 | 15/07/2025 | 30/06/2014 | 17/09/2012 | Book - Borrowing | |||||||||
| Dewey Decimal Classification | Baccah | Central Library | Central Library | Second Floor | 17/09/2012 | Purchase | 2 | 15 | 428.24 MCV | 000027131 | 15/07/2025 | 08/10/2016 | Book - Borrowing | |||||||||
| Dewey Decimal Classification | Baccah | Central Library | Central Library | Second Floor | 18/09/2012 | Purchase | 428.24 MCV | 000056297 | 24/08/2022 | 18/09/2012 | CD | DVD - With book | include 2 CDs | ||||||||||
| Dewey Decimal Classification | Baccah | Central Library | Central Library | Second Floor | 18/09/2012 | Purchase | 1 | 1 | 428.24 MCV | 000056300 | 24/08/2022 | 20/09/2012 | 18/09/2012 | CD | DVD - With book | include 2 CDs | |||||||
| Dewey Decimal Classification | Baccah | Central Library | Central Library | Second Floor | 16/10/2012 | 2 | 2 | 428.24 MCV | 000027673 | 15/07/2025 | 29/09/2021 | Book - Borrowing | 110.00 | 12 | ||||||||
| Dewey Decimal Classification | Baccah | Central Library | Central Library | Second Floor | 16/10/2012 | 3 | 5 | 428.24 MCV | 000027674 | 15/07/2025 | 03/10/2017 | Book - Borrowing | 110.00 | 12 | ||||||||
| Dewey Decimal Classification | Baccah | Central Library | Central Library | Second Floor | 16/10/2012 | Purchase | 2 | 1 | 428.24 MCV | 000027675 | 20/06/2022 | 20/06/2022 | Book - Borrowing | 110.00 | 12 | 06/05/2025 | ||||||
| Dewey Decimal Classification | Baccah | Central Library | Central Library | Second Floor | 21/10/2012 | Purchase | 428.24 MCV | 000056302 | 24/08/2022 | 21/10/2012 | CD | DVD - With book | 150.00 | 12 | |||||||||
| Dewey Decimal Classification | Baccah | Central Library | Central Library | Second Floor | 21/10/2012 | 2 | 6 | 428.24 SNO | 000027745 | 20/06/2022 | 20/06/2022 | 21/10/2012 | CD | DVD - With book | 150.00 | 12 | 06/05/2025 | ||||||
| Dewey Decimal Classification | Baccah | Central Library | Central Library | Second Floor | 21/10/2012 | Purchase | 428.24 MCV | 000056299 | 24/08/2022 | 21/10/2012 | CD | DVD - With book | include 2 CD | 150.00 | 12 |